Wars by Treaty - Statistics

General Stats
  • This quiz has been taken 440 times
    92 since last reset
  • The average score is 8 of 13
Answer Stats
Year Treaty War % Correct
1919 Treaty of Versailles World War I
96%
1648 Peace of Westphalia Thirty Years' War
71%
1815 Treaty of Paris Napoleonic Wars
68%
1871 Treaty of Frankfurt Franco-Prussian War
66%
1763 Treaty of Paris Seven Years' War
63%
1842 Treaty of Nanking First Opium War
61%
1848 Treaty of Guadalupe Hidalgo Mexican-American War
56%
1905 Treaty of Portsmouth Russo-Japanese War
51%
1898 Treaty of Paris Spanish-American War
51%
1783 Treaty of Paris American Revolutionary War
49%
1814 Treaty of Ghent War of 1812
48%
1713 Peace of Utrecht War of the Spanish Succession
40%
1995 Dayton Agreement Bosnian War
39%
No matching quizzes found
Score Distribution
Percent of People with Each Score
Percentile by Number Answered
Your Score History
You have not taken this quiz since the last reset